[Rezension von: Larregue, Julien, Hereditary]
| Autor principal: | |
|---|---|
| Otros Autores: | |
| Tipo de documento: | Electrónico Revisar |
| Lenguaje: | Inglés |
| Publicado: |
2025
|
| En: |
The British journal of criminology
Año: 2025, Volumen: 65, Número: 4, Páginas: 934-936 |
| Acceso en línea: |
Presumably Free Access Volltext (lizenzpflichtig) |
| Verificar disponibilidad: | HBZ Gateway |
| Palabras clave: |
MARC
| LEADER | 00000naa a22000002c 4500 | ||
|---|---|---|---|
| 001 | 193886574X | ||
| 003 | DE-627 | ||
| 005 | 20251020101611.0 | ||
| 007 | cr uuu---uuuuu | ||
| 008 | 251020s2025 xx |||||oo 00| ||eng c | ||
| 024 | 7 | |a 10.1093/bjc/azaf031 |2 doi | |
| 035 | |a (DE-627)193886574X | ||
| 035 | |a (DE-599)KXP193886574X | ||
| 040 | |a DE-627 |b ger |c DE-627 |e rda | ||
| 041 | |a eng | ||
| 084 | |a 2,1 |2 ssgn | ||
| 100 | 1 | |a Bui, Laura |e VerfasserIn |0 (DE-588)1188646052 |0 (DE-627)1667613278 |4 aut | |
| 109 | |a Bui, Laura | ||
| 245 | 1 | 0 | |a [Rezension von: Larregue, Julien, Hereditary] |
| 264 | 1 | |c 2025 | |
| 336 | |a Text |b txt |2 rdacontent | ||
| 337 | |a Computermedien |b c |2 rdamedia | ||
| 338 | |a Online-Ressource |b cr |2 rdacarrier | ||
| 655 | 7 | |a Rezension |0 (DE-588)4049712-4 |0 (DE-627)106186019 |0 (DE-576)209083166 |2 gnd-content | |
| 700 | 1 | |a Larregue, Julien |e VerfasserIn des Bezugswerks |0 (DE-588)1221160184 |0 (DE-627)1738320588 |4 ant | |
| 773 | 0 | 8 | |i Enthalten in |t The British journal of criminology |d Oxford : Oxford Univ. Press, 1960 |g 65(2025), 4, Seite 934-936 |h Online-Ressource |w (DE-627)271175559 |w (DE-600)1478955-3 |w (DE-576)079718906 |x 1464-3529 |7 nnas |
| 773 | 1 | 8 | |g volume:65 |g year:2025 |g number:4 |g pages:934-936 |
| 787 | 0 | 8 | |i Rezension von |a Larregue, Julien |t Hereditary |d Stanford, California : Stanford University Press, 2024 |h viii, 243 Seiten |w (DE-627)1853728489 |z 9781503636439 |z 9781503637764 |
| 856 | |u https://pure.manchester.ac.uk/ws/files/361724239/BJC_Book_Review_Bui_2025.pdf |x unpaywall |z Vermutlich kostenfreier Zugang |h repository [deprecated] | ||
| 856 | 4 | 0 | |u https://doi.org/10.1093/bjc/azaf031 |x Resolving-System |z lizenzpflichtig |3 Volltext |7 1 |
| 951 | |a AR | ||
| ELC | |a 1 | ||
| LOK | |0 000 xxxxxcx a22 zn 4500 | ||
| LOK | |0 001 4789756874 | ||
| LOK | |0 003 DE-627 | ||
| LOK | |0 004 193886574X | ||
| LOK | |0 005 20251020093907 | ||
| LOK | |0 008 251020||||||||||||||||ger||||||| | ||
| LOK | |0 040 |a DE-21-110 |c DE-627 |d DE-21-110 | ||
| LOK | |0 092 |o n | ||
| LOK | |0 852 |a DE-21-110 | ||
| LOK | |0 852 1 |9 00 | ||
| LOK | |0 935 |a krzo | ||
| LOK | |0 939 |a 20-10-25 |b l01 | ||
| OAS | |a 1 | ||
| ORI | |a SA-MARC-krimdoka001.raw | ||
